All modern day countries that have been in the 20 most populous - Statistics

General Stats
  • This quiz has been taken 27 times
  • The average score is 26 of 29
Answers on the Map
Answers color-coded by a green-red scale on the quiz's map according to % correct below.
 
Answer Stats
Time in top 20 Country % Correct
1863 - Present Brazil
100%
1810 - Present China
100%
1928 - 1939, 1945 - 1948, 1980 - Present Egypt
100%
1996 - Present Ethiopia
100%
1810 - 2010 France
100%
1810 - Present Germany
100%
1810 - Present India
100%
1810 - Present Indonesia
100%
1810 - 18171989 - Present Iran
100%
1810 - Present Japan
100%
1817 - 1834, 1876 - Present Mexico
100%
1810 - Present Russia
100%
1810 - 19962010 - 2011 United Kingdom
100%
1810 - Present United States
100%
1810 - Present Nigeria
96%
1810 - 1975 Spain
96%
1810 - 19281939 - 1945 1948 - 1962 1975 - 1980 1995 - Present Turkey
96%
1810 - 1995 Italy
92%
1810 - 1966 Poland
92%
1962 - 2025 Thailand
92%
1810 - Present Vietnam
92%
1810 - Present Pakistan
88%
1966 - Present Philippines
79%
1810 - Present Bangladesh
75%
1810 - 1876 South Korea
75%
1810 - 1989 Ukraine
75%
2025 - Present Tanzania
67%
2011 - Present DRC
63%
1834 - 1863 Romania
46%
No matching quizzes found
Score Distribution
Percent of People with Each Score
Percentile by Number Answered
Your Score History
You have not taken this quiz